000 00554nam a22001817a 4500
005 20251108175316.0
008 250721s1995 xx 000 0 ara d
082 1 4 _a001.42/عسا
100 1 _aالعساف، صالح بن حمد
245 1 0 _aالتقويم الذاتي للباحث في العلوم السلوكية /
250 _aط2
264 1 _aالرياض :
_bمكتبة العبيكات،
_c1995.
300 _a304ص.
650 1 7 _aالبحوث
650 1 7 _aالعلوم الاجتماعية
942 _2ddc
_cBK
999 _c131092
_d131092